[Event "BUL-chT 57th"]
[Site "Sunny Beach"]
[Date "2007.10.04"]
[Round "6.4"]
[White "Vasilev, Milen"]
[Black "Todorov, Mladen"]
[Result "1/2-1/2"]
[WhiteElo "2476"]
[BlackElo "2202"]
[PlyCount "183"]
[EventDate "2007.09.29"]
[EventType "team"]
[EventRounds "7"]
[EventCountry "BUL"]
[SourceTitle "CBM 120 Extra"]
[Source "ChessBase"]
[SourceDate "2007.11.01"]
[SourceVersion "1"]
[SourceVersionDate "2007.11.01"]
[SourceQuality "1"]

1. d4 Nf6 2. c4 e6 3. Nf3 c5 4. Nc3 cxd4 5. Nxd4 Nc6 6. Ndb5 d5 7. cxd5 Nxd5 8. Nxd5 exd5 9. Qxd5 Bb4+ 10. Bd2 Be6 11. Qxd8+ Rxd8 12. Nc3 0-0 13. a3 Nd4 14. Rc1 Nb3 15. Rd1 Rxd2 16. Rxd2 Bxc3 17. bxc3 Nxd2 18. Kxd2 Rd8+ 19. Kc2 Bf5+ 20. Kc1 Rc8 21. Kd2 Rd8+ 22. Ke3 Rd1 23. g3 Ra1 24. Bg2 Rxa3 25. Bxb7 Rxc3+ 26. Kf4 Be6 27. Ra1 Rc4+ 28. e4 Rc7 29. Bd5 Bd7 30. Ke5 Bc8 31. Kd6 Rd7+ 32. Kc6 Kf8 33. f4 Ke7 34. g4 f6 35. h3 Rd6+ 36. Kc7 Be6 37. Bc6 Bd7 38. Bd5 Be6 39. Ra5 Rd7+ 40. Kc6 Rd6+ 41. Kc5 Rd7 42. f5 Rc7+ 43. Kd4 Bd7 44. h4 h6 45. g5 hxg5 46. hxg5 Bc8 47. Ra1 Kd6 48. g6 a6 49. Bc4 Ra7 50. Ra5 Rc7 51. Bxa6 Bd7 52. Bc4 Bc8 53. Ra1 Bb7 54. Ra2 Bxe4 55. Ra5 Bc6 56. Ra2 Bd7 57. Bd3 Rc5 58. Ra6+ Rc6 59. Ra7 Rb6 60. Kc3 Rc6+ 61. Kd4 Rb6 62. Ra5 Rb4+ 63. Ke3 Rh4 64. Be4 Rh8 65. Rd5+ Ke7 66. Rd2 Rh5 67. Kf4 Rh4+ 68. Kf3 Rh5 69. Kg4 Rg5+ 70. Kf4 Rh5 71. Rb2 Rh8 72. Ra2 Kd6 73. Ra6+ Ke7 74. Kg4 Rb8 75. Ra2 Rb4 76. Kf3 Kd6 77. Rd2+ Ke7 78. Rh2 Rb3+ 79. Kf4 Rb4 80. Ke3 Kd6 81. Rd2+ Ke7 82. Rd1 Rb5 83. Bd3 Rd5 84. Ra1 Bxf5 85. Bxf5 Rxf5 86. Ra7+ Ke6 87. Rxg7 Rg5 88. Kf4 Rg1 89. Rg8 f5 90. Re8+ Kf6 91. Rf8+ Kg7 92. Rxf5 1/2-1/2

[Event "BUL-chT 57th"]
[Site "Sunny Beach"]
[Date "2007.10.03"]
[Round "5.2"]
[White "Todorov, Mladen"]
[Black "Radulov, Ivan"]
[Result "0-1"]
[WhiteElo "2202"]
[BlackElo "2303"]
[PlyCount "110"]
[EventDate "2007.09.29"]
[EventType "team"]
[EventRounds "7"]
[EventCountry "BUL"]
[SourceTitle "CBM 120 Extra"]
[Source "ChessBase"]
[SourceDate "2007.11.01"]
[SourceVersion "1"]
[SourceVersionDate "2007.11.01"]
[SourceQuality "1"]

1. e4 e5 2. Nf3 Nc6 3. Bb5 g6 4. c3 Nge7 5. d4 exd4 6. cxd4 d5 7. Bg5 Bg7 8. exd5 Qxd5 9. Nc3 Qe6+ 10. Be3 0-0 11. 0-0 Nd5 12. Qe2 Nce7 13. Rfe1 c6 14. Bd3 Nxe3 15. fxe3 Nd5 16. Qf2 Qe7 17. Kh1 Bg4 18. h3 Be6 19. Bc2 Rad8 20. Qg3 Nf6 21. Qh4 Rfe8 22. Ng5 Nh5 23. g4 Bh6 24. gxh5 Bxg5 25. Qg3 Bh4 26. Qf4 Bxe1 27. Rxe1 Bd5+ 28. e4 Be6 29. e5 Bd5+ 30. Kh2 Kh8 31. h6 f6 32. Bd3 fxe5 33. Rxe5 Qf8 34. Qe3 Rxe5 35. Qxe5+ Kg8 36. Nxd5 cxd5 37. Qg5 Rd6 38. Kg2 Qf6 39. Qg4 Rd8 40. Be2 Rf8 41. Bf3 Qf5 42. Kg3 b6 43. Qxf5 Rxf5 44. Bg4 Rf6 45. Bf3 Kf8 46. Bxd5 Rd6 47. Bc4 Rxd4 48. b3 g5 49. Be6 Rf4 50. Bc4 Rh4 51. Bf1 Rxh6 52. Kg4 Rf6 53. Bc4 h6 54. a4 Rf4+ 55. Kg3 Ke7 0-1

[Event "BUL-chT 56th"]
[Site "Sunny Beach"]
[Date "2006.10.11"]
[Round "7"]
[White "Todorov, Mladen"]
[Black "Kozhuharov, Spas"]
[Result "0-1"]
[WhiteElo "2194"]
[BlackElo "2402"]
[PlyCount "77"]
[EventDate "2006.10.05"]
[EventType "team-tourn"]
[EventRounds "7"]
[EventCountry "BUL"]
[SourceTitle "CBM 114 Extra"]
[Source "ChessBase"]
[SourceDate "2006.11.03"]
[SourceVersion "1"]
[SourceVersionDate "2006.11.03"]
[SourceQuality "1"]
[WhiteTeam "Sofia Hemus"]
[BlackTeam "Plovdiv Lokomotiv 2000"]
[WhiteTeamCountry "BUL"]
[BlackTeamCountry "BUL"]

1. d4 d5 2. Nf3 Nf6 3. c4 dxc4 4. e3 e6 5. Bxc4 a6 6. 0-0 b5 7. Be2 Nbd7 8. a4 b4 9. b3 Bb7 10. Bb2 c5 11. Nbd2 Be7 12. Nc4 0-0 13. Nce5 Rc8 14. Rc1 Rc7 15. dxc5 Nxc5 16. Nd4 Qd5 17. Ndf3 Rfc8 18. Bc4 Qxd1 19. Rfxd1 Nd5 20. Nd2 Bf6 21. Bd4 Nc3 22. Re1 N5e4 23. Nxe4 Nxe4 24. Rcd1 Bh4 25. Nd3 Rd7 26. g3 Be7 27. Ne5 Rdd8 28. h4 Rd6 29. Nd3 h5 30. Nf4 Rcd8 31. Be2 g6 32. Rc1 Nd2 33. Bd1 Bf3 34. Rc7 R6d7 35. Rxd7 Rxd7 36. Nd3 Bxd1 37. Rxd1 Nxb3 38. Ne5 Rd8 39. Rb1 0-1

[Event "BUL-chT 56th"]
[Site "Sunny Beach"]
[Date "2006.10.06"]
[Round "2"]
[White "Todorov, Mladen"]
[Black "Radulov, Ivan"]
[Result "0-1"]
[WhiteElo "2194"]
[BlackElo "2327"]
[PlyCount "86"]
[EventDate "2006.10.05"]
[EventType "team-tourn"]
[EventRounds "7"]
[EventCountry "BUL"]
[SourceTitle "CBM 114 Extra"]
[Source "ChessBase"]
[SourceDate "2006.11.03"]
[SourceVersion "1"]
[SourceVersionDate "2006.11.03"]
[SourceQuality "1"]
[WhiteTeam "Sofia Hemus"]
[BlackTeam "Dimitrovgrad Tradex"]
[WhiteTeamCountry "BUL"]
[BlackTeamCountry "BUL"]

1. d4 d6 2. e4 g6 3. Nc3 Bg7 4. Nf3 c6 5. Be3 b5 6. Bd3 Nf6 7. Qd2 Ng4 8. Bg5 h6 9. Bh4 g5 10. Bg3 Nf6 11. h3 Nbd7 12. e5 Nh5 13. Bh2 dxe5 14. dxe5 Nc5 15. 0-0-0 Nxd3+ 16. cxd3 b4 17. Ne2 Qa5 18. Kb1 Be6 19. Nc1 0-0 20. Nd4 Bd5 21. Nf5 Bxg2 22. Rhg1 Bxh3 23. Nxh6+ Bxh6 24. Rxg5+ Ng7 25. Rdg1 Bf5 26. e6 Bxg5 27. Qxg5 Bxd3+ 28. Nxd3 Qxg5 29. Rxg5 Kh7 30. exf7 Rxf7 31. Be5 Ne6 32. Rg3 Rd8 33. f4 c5 34. b3 Rf5 35. Kc2 Rh5 36. Rg2 Nd4+ 37. Kb2 Nf3 38. Nxc5 Nxe5 39. fxe5 Rxe5 40. Rc2 Rd6 41. a3 a5 42. axb4 axb4 43. Na4 Red5 0-1

[Event "BUL-chT 56th"]
[Site "Sunny Beach"]
[Date "2006.10.05"]
[Round "1"]
[White "Todorov, Mladen"]
[Black "Lukov, Valentin"]
[Result "1/2-1/2"]
[WhiteElo "2194"]
[BlackElo "2429"]
[PlyCount "24"]
[EventDate "2006.10.05"]
[EventType "team-tourn"]
[EventRounds "7"]
[EventCountry "BUL"]
[SourceTitle "CBM 114 Extra"]
[Source "ChessBase"]
[SourceDate "2006.11.03"]
[SourceVersion "1"]
[SourceVersionDate "2006.11.03"]
[SourceQuality "1"]
[WhiteTeam "Sofia Hemus"]
[BlackTeam "Sofia Lokomotiv"]
[WhiteTeamCountry "BUL"]
[BlackTeamCountry "BUL"]

1. d4 Nf6 2. Nf3 c5 3. d5 e6 4. Nc3 b5 5. dxe6 fxe6 6. Nxb5 d5 7. c3 a6 8. Na3 Nbd7 9. Bf4 Qb6 10. Qb3 Qa5 11. Nb1 Be7 12. g3 Nh5 1/2-1/2

[Event "Baharov Memorial op 12th"]
[Site "Sofia"]
[Date "2004.12.19"]
[Round "5"]
[White "Todorov, Mladen"]
[Black "Filev, Georgi"]
[Result "1/2-1/2"]
[WhiteElo "2227"]
[BlackElo "2117"]
[PlyCount "68"]
[EventDate "2004.12.17"]
[EventType "swiss"]
[EventRounds "7"]
[EventCountry "BUL"]
[SourceTitle "CBM 104 Extra"]
[Source "ChessBase"]
[SourceDate "2005.03.01"]
[SourceVersion "1"]
[SourceVersionDate "2005.03.01"]
[SourceQuality "1"]

1. e4 e5 2. Nf3 Nc6 3. Bb5 a6 4. Ba4 Nf6 5. 0-0 Nxe4 6. d4 b5 7. Bb3 d5 8. dxe5 Be6 9. Be3 Nc5 10. c3 Nxb3 11. axb3 Be7 12. Nbd2 0-0 13. Re1 Bf5 14. Nd4 Nxd4 15. cxd4 c5 16. Qf3 Be6 17. Rec1 c4 18. Nf1 Qd7 19. Qd1 f6 20. exf6 Bxf6 21. Ng3 Kh8 22. Ra5 Bd8 23. Ra2 Bc7 24. Rca1 a5 25. Bd2 cxb3 26. Qxb3 a4 27. Qd3 Rac8 28. b3 axb3 29. Qxb3 Bb6 30. Be3 Rc4 31. Ra8 Rg8 32. Ne2 Qc6 33. Rxg8+ Bxg8 34. Rb1 b4 1/2-1/2

[Event "BUL-ch qual"]
[Site "Velingrad"]
[Date "2004.03.19"]
[Round "9"]
[White "Todorov, Mladen"]
[Black "Badev, Kiril"]
[Result "1-0"]
[WhiteElo "2183"]
[BlackElo "2278"]
[PlyCount "63"]
[EventDate "2004.03.13"]
[EventType "swiss"]
[EventRounds "9"]
[EventCountry "BUL"]
[SourceTitle "CBM 099 Extra"]
[Source "ChessBase"]
[SourceDate "2004.05.04"]
[SourceVersion "1"]
[SourceVersionDate "2004.05.04"]
[SourceQuality "1"]

1. e4 d5 2. exd5 Nf6 3. d4 Nxd5 4. Nf3 g6 5. Be2 Bg7 6. 0-0 0-0 7. Re1 Nd7 8. Bf1 e6 9. Na3 a6 10. Nc4 h6 11. Nce5 Qf6 12. Ng4 Qe7 13. Nxh6+ Kh7 14. Ng4 Rh8 15. c4 N5f6 16. Bg5 Qf8 17. Nge5 Kg8 18. Bd3 Nxe5 19. Nxe5 Nd7 20. Qa4 Bxe5 21. dxe5 Nc5 22. Qc2 Bd7 23. Re3 Bc6 24. Rg3 Nxd3 25. Qxd3 Rh5 26. Rd1 Re8 27. h4 Qc5 28. Qe2 Qf8 29. Qxh5 gxh5 30. Bh6+ Kh7 31. Bxf8 Rxf8 32. Rd4 1-0

[Event "BUL-ch qual"]
[Site "Velingrad"]
[Date "2004.03.14"]
[Round "3"]
[White "Hristov, Emil"]
[Black "Todorov, Mladen"]
[Result "0-1"]
[WhiteElo "1958"]
[BlackElo "2183"]
[PlyCount "82"]
[EventDate "2004.03.13"]
[EventType "swiss"]
[EventRounds "9"]
[EventCountry "BUL"]
[SourceTitle "CBM 099 Extra"]
[Source "ChessBase"]
[SourceDate "2004.05.04"]
[SourceVersion "1"]
[SourceVersionDate "2004.05.04"]
[SourceQuality "1"]

1. e4 c5 2. Nf3 d6 3. d4 cxd4 4. Nxd4 Nf6 5. Nc3 a6 6. Be3 e5 7. Nb3 Be6 8. f3 Nbd7 9. Qd2 Nb6 10. Na5 Qc7 11. 0-0-0 Be7 12. Kb1 0-0 13. g4 Rac8 14. g5 Nh5 15. Qf2 Nd7 16. Nb3 b5 17. Nd5 Bxd5 18. exd5 Rb8 19. Bd3 a5 20. Rhg1 g6 21. f4 a4 22. Nd2 Nxf4 23. Bxf4 exf4 24. Qxf4 Ne5 25. Ne4 Rfc8 26. Nf6+ Bxf6 27. gxf6 Qd8 28. Rdf1 Rc5 29. Be4 b4 30. h4 b3 31. cxb3 axb3 32. a3 Rb7 33. h5 Qf8 34. Bf5 Rc4 35. Qh2 Rbc7 36. hxg6 fxg6 37. Be6+ Kh8 38. f7 Nxf7 39. Rxg6 Qe7 40. Qh6 Nxh6 41. Rxh6 Rc1+ 0-1

[Event "Sofia Hemus op 03rd"]
[Site "Sofia"]
[Date "2004.03.07"]
[Round "6.1"]
[White "Todorov, Mladen"]
[Black "Petkov, Vladimir"]
[Result "0-1"]
[WhiteElo "2210"]
[BlackElo "2375"]
[PlyCount "68"]
[EventDate "2004.03.06"]
[EventType "swiss (rapid)"]
[EventRounds "6"]
[EventCountry "BUL"]
[SourceTitle "CBM 099 Extra"]
[Source "ChessBase"]
[SourceDate "2004.05.04"]
[SourceVersion "1"]
[SourceVersionDate "2004.05.04"]
[SourceQuality "1"]

1. d4 Nf6 2. Nf3 g6 3. c4 Bg7 4. Nc3 d5 5. cxd5 Nxd5 6. e4 Nxc3 7. bxc3 c5 8. Rb1 0-0 9. Be2 Nc6 10. d5 Ne5 11. Nxe5 Bxe5 12. Qd2 e6 13. f4 Bc7 14. Bc4 a6 15. a4 Ba5 16. 0-0 b6 17. Rf3 Qe8 18. Qa2 Bd7 19. Bd2 b5 20. Bb3 c4 21. Bc2 exd5 22. exd5 Bb6+ 23. Kh1 Qe2 24. Bd1 Qe7 25. Rf1 Bf5 26. Bc2 Qd7 27. Rf3 Rfe8 28. Bxf5 Qxf5 29. Be1 Bc5 30. Bg3 h5 31. h3 Rad8 32. axb5 axb5 33. Qa5 Rxd5 34. Qxb5 Re3 0-1

[Event "Baharov Memorial op 11th"]
[Site "Sofia"]
[Date "2003.12.02"]
[Round "7.3"]
[White "Drenchev, Petar"]
[Black "Todorov, Mladen"]
[Result "0-1"]
[WhiteElo "2431"]
[BlackElo "2189"]
[PlyCount "58"]
[EventDate "2003.11.28"]
[EventType "swiss"]
[EventRounds "7"]
[EventCountry "BUL"]
[SourceTitle "CBM 097 Extra"]
[Source "ChessBase"]
[SourceDate "2004.01.13"]
[SourceVersion "1"]
[SourceVersionDate "2004.01.13"]
[SourceQuality "1"]

1. e4 c5 2. Nf3 d6 3. d4 cxd4 4. Nxd4 Nf6 5. Nc3 a6 6. Be2 e5 7. Nb3 Be7 8. 0-0 0-0 9. Kh1 Nc6 10. Be3 Be6 11. Qd2 b5 12. Bf3 Qb8 13. Nd5 Bd8 14. Rfd1 Bxd5 15. exd5 Ne7 16. Bg5 e4 17. Be2 Nexd5 18. a4 b4 19. a5 Qc8 20. Bxf6 Nxf6 21. Qxd6 Qxc2 22. Nd4 Qxb2 23. Bc4 Ng4 24. Ne6 Nxf2+ 25. Kg1 Be7 26. Qxe7 Nxd1 27. Rxd1 fxe6 28. h3 Qf6 29. Qxb4 Rad8 0-1

[Event "Baharov Memorial op 11th"]
[Site "Sofia"]
[Date "2003.12.01"]
[Round "6.8"]
[White "Todorov, Mladen"]
[Black "Filev, Georgi"]
[Result "1-0"]
[WhiteElo "2189"]
[BlackElo "2102"]
[PlyCount "81"]
[EventDate "2003.11.28"]
[EventType "swiss"]
[EventRounds "7"]
[EventCountry "BUL"]
[SourceTitle "CBM 097 Extra"]
[Source "ChessBase"]
[SourceDate "2004.01.13"]
[SourceVersion "1"]
[SourceVersionDate "2004.01.13"]
[SourceQuality "1"]

1. c4 Nf6 2. Nc3 d5 3. cxd5 Nxd5 4. g3 g6 5. Bg2 Nb6 6. Nf3 Bg7 7. 0-0 0-0 8. d3 Nc6 9. Be3 e5 10. Qd2 Re8 11. Rfc1 Nd4 12. Ne4 Nd5 13. Bg5 f6 14. Nxd4 fxg5 15. Nb5 a6 16. Ned6 cxd6 17. Bxd5+ Kh8 18. Nc7 Rb8 19. Nxe8 Qxe8 20. Qxg5 Bd7 21. Rc7 Bc6 22. Bxc6 bxc6 23. Rc1 c5 24. Qg4 Qd8 25. Rd7 Qf6 26. Rb7 Rf8 27. f3 h5 28. Qd7 h4 29. Rc4 g5 30. g4 h3 31. Ra4 Rg8 32. Qf7 Qh6 33. Qh5 Qxh5 34. gxh5 a5 35. Rxa5 g4 36. fxg4 Bh6 37. Kf2 Bf4 38. Raa7 Re8 39. h6 Bxh6 40. Rh7+ Kg8 41. Rxh6 1-0